00658nam a2200157 i 450000100060000000300090000600500170001500700030003200800410003510000250007624502250010126000450032630000230037150000740039485200320046840883ES-MaACL20230906160330.0t|030307s1951 sp ||||1| spa d1 aCaro de Mallen, Ana.10aContexto de las reales fiestas que se hicieron en el Palacio del Buen Retiro a la coronación del rey...de romanos y entrada en Madrid de la Señora Princesa de Cariñan en tres discursos / cpor Ana Caro de Mallén. a[s.l. : bs.n., c1951] (fTip. Moderna) a39 fol. ; c25 cm. aReproducción facsímil de: Madrid, Imprenta del Reyno, Año 1637. aES-MaACLjC-13681 bR.36971